000 00848cam a2200241 a 4500
001 000018469
005 20200929165818.0
008 911115s1973 ck 000 p spa d
035 _a(DLC) 91216842
035 _a(OCoLC)2672302
040 _aDO-SdBNP
_bspa
_cDLC
_dDLC
_dBNPHU
082 _aC861.4
_bC312d
100 1 _aCarranza, Eduardo,
_d1913-1985.
_939962
245 1 4 _aLos días que ahora son sueños :
_bpoesía en prosa, 1943-1972 /
_cEduardo Carranza.
260 _aBogotá :
_bInstituto Caro y Cuervo,
_c1973.
300 _a108 p. ;
_c17 cm.
490 1 _aColegio Máximo de las Academias de Colombia
_v8
650 4 _aPoesía colombiana
_93742
650 4 _aLiteratursa colombiana
_ySIGLO XX
_939963
830 0 _aColegio Máximo de las Academias de Colombia ;
_v8.
_939964
910 _aCatalogación por derivada / LC
049 _aBNGR
999 _c17989
_d17989